[Event "Memorial Gashimov 2023 - Blitz"]
[Site "Gabala"]
[Date "11.12.2023"]
[Round "B15"]
[White "Suleymanli, Aydin"]
[Black "Mamedyarov, Shakhriyar"]
[Result "1-0"]
[WhiteElo "2588"]
[BlackElo "2734"]
[PlyCount "97"]
[EventDate "2023.??.??"]
[WhiteTeam "Azerbaijan"]
[BlackTeam "Azerbaijan"]
[WhiteTeamCountry "AZE"]
[BlackTeamCountry "AZE"]

1. e4 d5 2. exd5 Qxd5 3. Nc3 Qa5 4. Nf3 Nf6 5. d4 Bf5 6. Nh4 Bg4 7. Qd3 Nc6 8.
h3 Be6 9. Qb5 O-O-O 10. Qxa5 Nxa5 11. Be3 Nc4 12. Bxc4 Bxc4 13. Nf3 Nd5 14. Ne5
Nxe3 15. fxe3 Be6 16. d5 Bxd5 17. Nxd5 Rxd5 18. Nxf7 Rg8 19. Rd1 e6 20. Ke2 Be7
21. Rxd5 exd5 22. Rf1 Re8 23. c3 Bf6 24. Nh6 Bg5 25. Ng4 g6 26. Rf3 c5 27. Kd3
Kc7 28. Nf2 Kd6 29. e4 c4+ 30. Kd4 Bd8 31. exd5 Bb6+ 32. Kxc4 Re2 33. Nd3 Rxg2
34. Rf6+ Ke7 35. Re6+ Kd8 36. d6 Kd7 37. Kd5 Rd2 38. Re7+ Kd8 39. Kc4 h5 40. h4
Bg1 41. Rxb7 Bf2 42. Ne5 Kc8 43. Rc7+ Kd8 44. Nc6+ Ke8 45. d7+ Rxd7 46. Rc8+
Kf7 47. Ne5+ Ke6 48. Nxd7 Kxd7 49. Rg8 1-0

[Event "Memorial Gashimov 2023 - Blitz"]
[Site "Gabala"]
[Date "11.12.2023"]
[Round "B16"]
[White "Abasov, Nijat"]
[Black "Suleymanli, Aydin"]
[Result "1-0"]
[WhiteElo "2679"]
[BlackElo "2588"]
[PlyCount "62"]
[EventDate "2023.??.??"]
[WhiteTeam "Azerbaijan"]
[BlackTeam "Azerbaijan"]
[WhiteTeamCountry "AZE"]
[BlackTeamCountry "AZE"]

1. e4 e5 2. Nf3 Nc6 3. d4 exd4 4. Nxd4 Nf6 5. Nc3 Bb4 6. Nxc6 bxc6 7. Bd3 d5 8.
exd5 cxd5 9. O-O O-O 10. h3 c5 11. Qf3 Be6 12. Rd1 Bxc3 13. bxc3 Nd7 14. Qg3
Re8 15. Rb1 Rb8 16. Bf4 Rxb1 17. Rxb1 Qa5 18. Rb7 Nf8 19. Rb5 Qa3 20. c4 Qxa2
21. cxd5 Qxd5 22. Ra5 Qc6 23. Rxa7 c4 24. Bf1 Bf5 25. Qc3 Ne6 26. Be3 Rc8 27.
Ra5 Qe4 28. Ra2 h6 29. f3 Qd5 30. Ra5 Nc5 31. Qb4 Bxc2 1-0

[Event "Memorial Gashimov 2023 - Blitz"]
[Site "Gabala"]
[Date "11.12.2023"]
[Round "B16"]
[White "Mamedyarov, Shakhriyar"]
[Black "Mamedov, Rauf"]
[Result "0-1"]
[WhiteElo "2734"]
[BlackElo "2640"]
[PlyCount "42"]
[EventDate "2023.??.??"]
[WhiteTeam "Azerbaijan"]
[BlackTeam "Azerbaijan"]
[WhiteTeamCountry "AZE"]
[BlackTeamCountry "AZE"]

1. e4 c5 2. a3 g6 3. b4 Bg7 4. Nc3 d6 5. h4 h5 6. Rb1 cxb4 7. axb4 Nf6 8. d4
O-O 9. Bd3 Nc6 10. Nge2 a6 11. b5 axb5 12. Nxb5 e5 13. d5 Nd4 14. Nexd4 exd4
15. Bf4 Ra6 16. Nxd4 Ra4 17. c4 Ra3 18. Nb5 Ra2 19. O-O Ng4 20. Qb3 Ra6 21. Nd4
Bxd4 0-1

[Event "Memorial Gashimov 2023 - Blitz"]
[Site "Gabala"]
[Date "11.12.2023"]
[Round "B16"]
[White "Gelfand, Boris"]
[Black "Radjabov, Teimour"]
[Result "0-1"]
[WhiteElo "2655"]
[BlackElo "2745"]
[PlyCount "95"]
[EventDate "2023.??.??"]
[WhiteTeam "Israele"]
[BlackTeam "Azerbaijan"]
[WhiteTeamCountry "ISR"]
[BlackTeamCountry "AZE"]

1. d4 d5 2. c4 e6 3. Nf3 Nf6 4. g3 Be7 5. Bg2 O-O 6. O-O dxc4 7. Qc2 a6 8. a4
Bd7 9. Qxc4 Bc6 10. Bg5 Nbd7 11. Nc3 h6 12. Bxf6 Nxf6 13. Rfd1 Qd6 14. Qd3 Rfd8
15. e4 Qb4 16. Qc2 Rac8 17. Rd2 Be8 18. Re1 Bf8 19. d5 exd5 20. e5 Nh7 21. Bh3
Rb8 22. e6 c6 23. Ne5 Ng5 24. exf7+ Bxf7 25. Bg2 Re8 26. Rde2 Bh5 27. g4 Rxe5
28. Rxe5 Qxg4 29. R5e3 Qf4 30. Ne2 Qf6 31. Ng3 Bg6 32. Qc1 Bb4 33. Rd1 Bd6 34.
Qc3 Rf8 35. Qxf6 Rxf6 36. h4 Ne6 37. Rde1 Nf4 38. h5 Bf7 39. Rb3 b5 40. axb5
axb5 41. Rbe3 Bc5 42. Rf3 Bd4 43. b3 b4 44. Rd1 Bc3 45. Re3 d4 46. Rf3 Bxb3 47.
Ne4 Rf8 48. Kh2 0-1

[Event "Memorial Gashimov 2023 - Blitz"]
[Site "Gabala"]
[Date "11.12.2023"]
[Round "B16"]
[White "Rapport, Richard"]
[Black "Van Foreest, Jorden"]
[Result "1-0"]
[WhiteElo "2752"]
[BlackElo "2707"]
[PlyCount "69"]
[EventDate "2023.??.??"]
[WhiteTeam "ROU"]
[BlackTeam "Olanda"]
[BlackTeamCountry "NED"]

1. e4 Nf6 2. Nc3 Nc6 3. d4 e5 4. d5 Ne7 5. h4 Neg8 6. Qd3 Bb4 7. a3 Bxc3+ 8.
Qxc3 d6 9. Bd3 Ne7 10. Bg5 Nd7 11. h5 h6 12. Be3 c6 13. dxc6 bxc6 14. Nf3 Nf6
15. O-O-O Qc7 16. Nd2 Ng4 17. Be2 Nxe3 18. Qxe3 d5 19. exd5 Nxd5 20. Qc5 Qb6
21. Qd6 Qc7 22. Qxc7 Nxc7 23. Nc4 f6 24. Bf3 Bd7 25. Na5 Nd5 26. Nxc6 Bxc6 27.
Bxd5 Rc8 28. Rh4 Bxd5 29. Rxd5 Rc7 30. Ra5 Rf8 31. Rb4 Rff7 32. Rb8+ Kd7 33.
Ra6 Ke7 34. Ra8 f5 35. R8xa7 1-0

[Event "Memorial Gashimov 2023 - Blitz"]
[Site "Gabala"]
[Date "11.12.2023"]
[Round "B17"]
[White "Van Foreest, Jorden"]
[Black "Gelfand, Boris"]
[Result "1/2-1/2"]
[WhiteElo "2707"]
[BlackElo "2655"]
[PlyCount "71"]
[EventDate "2023.??.??"]
[WhiteTeam "Olanda"]
[BlackTeam "Israele"]
[WhiteTeamCountry "NED"]
[BlackTeamCountry "ISR"]

1. Nf3 d5 2. b3 Nf6 3. Bb2 c5 4. e3 g6 5. Bb5+ Bd7 6. Bxf6 exf6 7. Bxd7+ Qxd7
8. d4 Nc6 9. O-O cxd4 10. Nxd4 Bc5 11. c3 O-O 12. Nd2 Nxd4 13. exd4 Bb6 14. Qf3
Rac8 15. Rac1 Rc6 16. b4 Bc7 17. b5 Re6 18. a4 Rfe8 19. Rfd1 f5 20. Nf1 Re4 21.
g3 f4 22. Kg2 h5 23. c4 dxc4 24. Rxc4 fxg3 25. hxg3 h4 26. Rdc1 Bb8 27. Rc8
Rxc8 28. Rxc8+ Qxc8 29. Qxe4 hxg3 30. fxg3 Kg7 31. Ne3 Qc3 32. Qxb7 Qxe3 33.
Qxb8 Qe2+ 34. Kg1 Qe1+ 35. Kg2 Qe2+ 36. Kg1 1/2-1/2

[Event "Memorial Gashimov 2023 - Blitz"]
[Site "Gabala"]
[Date "11.12.2023"]
[Round "B17"]
[White "Radjabov, Teimour"]
[Black "Mamedyarov, Shakhriyar"]
[Result "1-0"]
[WhiteElo "2745"]
[BlackElo "2734"]
[PlyCount "55"]
[EventDate "2023.??.??"]
[WhiteTeam "Azerbaijan"]
[BlackTeam "Azerbaijan"]
[WhiteTeamCountry "AZE"]
[BlackTeamCountry "AZE"]

1. d4 Nf6 2. Nc3 d5 3. Nf3 Bf5 4. Bg5 e6 5. e3 h6 6. Bxf6 Qxf6 7. Bd3 Bb4 8.
O-O O-O 9. Ne2 Nd7 10. Ng3 Bg4 11. Be2 Bd6 12. c4 dxc4 13. Bxc4 Bxf3 14. gxf3
Rad8 15. f4 c5 16. dxc5 Nxc5 17. Qe2 e5 18. fxe5 Bxe5 19. Rac1 b6 20. b3 Rd7
21. Rfd1 Rfd8 22. Rxd7 Rxd7 23. b4 Bxg3 24. hxg3 Ne4 25. Rc2 g6 26. Qg4 Qa1+
27. Kg2 Qh1+ 28. Kxh1 1-0

[Event "Memorial Gashimov 2023 - Blitz"]
[Site "Gabala"]
[Date "11.12.2023"]
[Round "B17"]
[White "Mamedov, Rauf"]
[Black "Abasov, Nijat"]
[Result "0-1"]
[WhiteElo "2640"]
[BlackElo "2679"]
[PlyCount "170"]
[EventDate "2023.??.??"]
[WhiteTeam "Azerbaijan"]
[BlackTeam "Azerbaijan"]
[WhiteTeamCountry "AZE"]
[BlackTeamCountry "AZE"]

1. e4 e5 2. Nf3 Nc6 3. Bc4 Nf6 4. d3 h6 5. Nc3 Bc5 6. Be3 d6 7. Bxc5 dxc5 8.
Bb5 Qd6 9. Bxc6+ bxc6 10. b3 Be6 11. O-O Bg4 12. h3 Bh5 13. g4 Nxg4 14. hxg4
Bxg4 15. Kg2 Qf6 16. Nb1 h5 17. Nbd2 h4 18. Rg1 Rh6 19. Kh1 Qf4 20. Qe2 Rf6 21.
Rxg4 Qxg4 22. Rg1 Qh3+ 23. Nh2 g6 24. Qg4 Qxg4 25. Nxg4 Re6 26. Ne3 Ke7 27. Rg5
Rh8 28. Kh2 Rg8 29. Rg4 g5 30. Nf5+ Kd7 31. Nb1 Ree8 32. Nc3 Rb8 33. Ne3 f6 34.
Kh3 Ke6 35. f3 Rb4 36. Rg1 Rgb8 37. Nc4 Rd8 38. Ne3 Rdb8 39. Na4 R4b5 40. Nc3
Rb4 41. a4 Rd8 42. Ra1 a5 43. Nc4 Ra8 44. Nd1 Rbb8 45. Nde3 Rd8 46. Nf5 Rd7 47.
Kg4 Ra7 48. Rh1 Ra8 49. Kh3 Ra7 50. Nfe3 Ra8 51. Kg2 Rdd8 52. Nd1 Rd7 53. Nc3
Rdd8 54. Kf2 Rh8 55. Ne3 Rhd8 56. Nf5 Rd7 57. Nd1 Ra7 58. Nde3 Ra8 59. Nh6 Rh8
60. Nhg4 Ra8 61. Ke2 Rh7 62. Nc4 Rd7 63. Kf2 Rdd8 64. Re1 Rd7 65. Ke3 Rdd8 66.
Nh6 Rd7 67. Nf5 Rh7 68. Rh1 Rd7 69. Rd1 Rdd8 70. c3 Rdb8 71. Rb1 Rb7 72. d4
cxd4+ 73. cxd4 Rb4 74. dxe5 fxe5 75. Kd3 Rab8 76. Nxa5 Rxa4 77. Nc4 Ra2 78. Kc3
Rf2 79. Nfe3 Rxf3 80. Ra1 h3 81. Rh1 g4 82. b4 Rh8 83. Kd2 g3 84. Ke2 Rf2+ 85.
Ke1 Ra2 0-1

[Event "Memorial Gashimov 2023 - Blitz"]
[Site "Gabala"]
[Date "11.12.2023"]
[Round "B17"]
[White "Suleymanli, Aydin"]
[Black "Vidit, Gujrathi"]
[Result "0-1"]
[WhiteElo "2588"]
[BlackElo "2716"]
[PlyCount "57"]
[EventDate "2023.??.??"]
[WhiteTeam "Azerbaijan"]
[BlackTeam "India"]
[WhiteTeamCountry "AZE"]
[BlackTeamCountry "IND"]

1. e4 c5 2. Nf3 d6 3. Bb5+ Nd7 4. O-O a6 5. Be2 Ngf6 6. d3 g6 7. a4 b6 8. Nfd2
Bg7 9. f4 O-O 10. Bf3 Bb7 11. Qe1 Qc7 12. Nc3 Bc6 13. g4 Rfb8 14. Nd5 Qd8 15.
Nxf6+ Bxf6 16. e5 Bxf3 17. exf6 Bxg4 18. fxe7 Qc7 19. f5 Bxf5 20. Nc4 Be6 21.
Bf4 Bxc4 22. dxc4 Re8 23. Bg5 Ne5 24. Qh4 f5 25. Rae1 Qc6 26. Re3 Nf7 27. Bf6
d5 28. Rh3 h6 29. Rxf5 0-1

[Event "Memorial Gashimov 2023 - Blitz"]
[Site "Gabala"]
[Date "11.12.2023"]
[Round "B18"]
[White "Vidit, Gujrathi"]
[Black "Mamedov, Rauf"]
[Result "1-0"]
[WhiteElo "2716"]
[BlackElo "2640"]
[PlyCount "99"]
[EventDate "2023.??.??"]
[WhiteTeam "India"]
[BlackTeam "Azerbaijan"]
[WhiteTeamCountry "IND"]
[BlackTeamCountry "AZE"]

1. d4 d5 2. c4 e6 3. Nf3 c5 4. cxd5 exd5 5. Nc3 Nc6 6. g3 Nf6 7. Bg2 Be7 8. O-O
O-O 9. dxc5 Bxc5 10. Bg5 Be6 11. Bxf6 Qxf6 12. Nxd5 Qxb2 13. Nc7 Rad8 14. Qc1
Qxc1 15. Raxc1 Bb6 16. Nxe6 fxe6 17. e3 h6 18. Rc4 Kf7 19. h4 Ke7 20. Rg4 Rf7
21. Re4 Rd6 22. Rc1 Rf5 23. Kf1 Ra5 24. a4 Rc5 25. Rxc5 Bxc5 26. Ke2 Na5 27.
Rg4 Kf6 28. Rf4+ Ke7 29. Ne5 Ke8 30. Be4 g5 31. Bg6+ Kd8 32. Rf8+ Kc7 33. Rf7+
Kc8 34. h5 Nb3 35. Ng4 Rd2+ 36. Kf1 Ra2 37. Nxh6 Nd2+ 38. Kg2 Nc4 39. Kh3 Ne5
40. Rf6 Kd7 41. Ng4 Ke7 42. Nxe5 Kxf6 43. Nd7+ Kg7 44. Nxc5 Rxf2 45. Nxb7 Re2
46. e4 Rc2 47. Kg4 Kh6 48. Nd6 Ra2 49. Nf7+ Kg7 50. Kxg5 1-0

[Event "Memorial Gashimov 2023 - Blitz"]
[Site "Gabala"]
[Date "11.12.2023"]
[Round "B18"]
[White "Abasov, Nijat"]
[Black "Radjabov, Teimour"]
[Result "1/2-1/2"]
[WhiteElo "2679"]
[BlackElo "2745"]
[PlyCount "129"]
[EventDate "2023.??.??"]
[WhiteTeam "Azerbaijan"]
[BlackTeam "Azerbaijan"]
[WhiteTeamCountry "AZE"]
[BlackTeamCountry "AZE"]

1. e4 e6 2. d4 d5 3. Nc3 a6 4. Nf3 Nf6 5. Bg5 Be7 6. exd5 exd5 7. Bd3 O-O 8. h3
Nc6 9. a3 h6 10. Be3 Re8 11. O-O Bd6 12. Re1 Rb8 13. Nd2 Be6 14. Qf3 Nh7 15.
Nf1 Qf6 16. Bxh7+ Kxh7 17. Qxf6 gxf6 18. Ng3 Ne7 19. Nce2 Nf5 20. Nh5 Be7 21.
Nef4 Ng7 22. Nxg7 Kxg7 23. Nh5+ Kg6 24. Nf4+ Kg7 25. g4 Rbc8 26. c3 c6 27. Kg2
Bd6 28. Nh5+ Kg6 29. Bf4 Bf8 30. f3 Bd7 31. Bg3 Rxe1 32. Rxe1 Re8 33. Rxe8 Bxe8
34. Bh4 Be7 35. f4 c5 36. f5+ Kh7 37. Bxf6 Bf8 38. dxc5 Bxc5 39. Kf3 Bc6 40.
Bd4 Be7 41. Nf4 Bd6 42. Nd3 Bb5 43. Ne1 Bf1 44. h4 Bb5 45. Ng2 Bd3 46. Nf4 Be4+
47. Ke3 Be7 48. c4 Bxh4 49. cxd5 Bh1 50. d6 Bg5 51. Bb6 Bc6 52. Bd4 Kg8 53. f6
Kf8 54. Be5 Ke8 55. Kd4 Bxf4 56. Bxf4 Bf3 57. Kc5 Kd7 58. Kb6 Kc8 59. Bxh6 Bxg4
60. Bf4 Bd7 61. b3 Bc6 62. a4 Bd7 63. Kc5 Bc6 64. Kd4 Bd7 65. Ke4 1/2-1/2

[Event "Memorial Gashimov 2023 - Blitz"]
[Site "Gabala"]
[Date "11.12.2023"]
[Round "B18"]
[White "Mamedyarov, Shakhriyar"]
[Black "Van Foreest, Jorden"]
[Result "1-0"]
[WhiteElo "2734"]
[BlackElo "2707"]
[PlyCount "59"]
[EventDate "2023.??.??"]
[WhiteTeam "Azerbaijan"]
[BlackTeam "Olanda"]
[WhiteTeamCountry "AZE"]
[BlackTeamCountry "NED"]

1. Nf3 Nf6 2. c4 g6 3. d4 Bg7 4. Nc3 d6 5. Bg5 Bf5 6. Qb3 Qc8 7. O-O-O a5 8. e4
Bg4 9. h3 Bxf3 10. gxf3 a4 11. Nxa4 Nc6 12. d5 Ne5 13. Be2 Ned7 14. Kb1 O-O 15.
h4 h5 16. Rhg1 c6 17. Be3 Qc7 18. Nb6 Ra6 19. Nxd7 Nxd7 20. f4 cxd5 21. cxd5
Ra5 22. f5 Nc5 23. Bxc5 Rxc5 24. fxg6 fxg6 25. Rxg6 Rc8 26. Rxg7+ Kxg7 27. Qg3+
Kh8 28. Qg5 e5 29. Rg1 Rf8 30. Qh6+ 1-0

[Event "Memorial Gashimov 2023 - Blitz"]
[Site "Gabala"]
[Date "11.12.2023"]
[Round "B18"]
[White "Gelfand, Boris"]
[Black "Rapport, Richard"]
[Result "1/2-1/2"]
[WhiteElo "2655"]
[BlackElo "2752"]
[PlyCount "117"]
[EventDate "2023.??.??"]
[WhiteTeam "Israele"]
[BlackTeam "ROU"]
[WhiteTeamCountry "ISR"]

1. d4 d6 2. Nf3 Nf6 3. c4 g6 4. Nc3 Bg7 5. e4 O-O 6. Be2 e5 7. O-O Na6 8. Be3
c6 9. dxe5 dxe5 10. Qxd8 Rxd8 11. h3 Be6 12. Rfd1 Nd7 13. Ng5 Nc7 14. a3 Bf6
15. b4 Nf8 16. Rxd8 Bxd8 17. Rd1 Be7 18. Nxe6 Ncxe6 19. c5 h5 20. Bc4 Rd8 21.
Rxd8 Nxd8 22. Kf1 Nfe6 23. Ke2 Kg7 24. Nd1 f5 25. exf5 gxf5 26. Nb2 e4 27. g3
Bf6 28. Bxe6 Nxe6 29. Nc4 Kg6 30. Nd6 Nd8 31. f3 exf3+ 32. Kxf3 Bb2 33. Nc4 Bf6
34. Bc1 Ne6 35. Be3 Bd8 36. Nd6 b5 37. Nc8 Bf6 38. Nxa7 Nd8 39. Bf4 Bb2 40. Bc7
Ne6 41. Ba5 Nd4+ 42. Ke3 Kf6 43. Kd3 Ke5 44. Bd8 Bxa3 45. Bf6+ Kxf6 46. Kxd4
Bxb4 47. Nxc6 Be1 48. Na7 Bf2+ 49. Kd5 b4 50. c6 Bxg3 51. Kc4 Be5 52. Kxb4 f4
53. Kc4 Kf5 54. Kd3 Kg5 55. Ke4 Bb8 56. Nb5 Kh4 57. Kf3 Kxh3 58. c7 Bxc7 59.
Nxc7 1/2-1/2